[Event "Guingamp op 15th"]
[Site "Guingamp"]
[Date "2011.03.05"]
[Round "1"]
[White "Damour, Theo"]
[Black "Zubarev, Alexander2222"]
[Result "0-1"]
[WhiteElo "1711"]
[BlackElo "2590"]
[PlyCount "46"]
[EventDate "2011.03.05"]
[EventType "swiss"]
[EventRounds "9"]
[EventCountry "FRA"]
[SourceTitle "CBM 141 Extra"]
[Source "ChessBase"]
[SourceDate "2011.05.03"]
[SourceVersion "1"]
[SourceVersionDate "2011.05.03"]
[SourceQuality "1"]

1. d4 g6 2. c4 Bg7 3. Nc3 c5 4. d5 Bxc3+ 5. bxc3 f5 6. g3 Nf6 7. Bg2 d6 8. Nf3 Qa5 9. Qb3 Nbd7 10. 0-0 Nb6 11. Bf4 Bd7 12. Nd2 0-0-0 13. Rfe1 h6 14. e4 g5 15. e5 Ng4 16. exd6 gxf4 17. dxe7 Rde8 18. Nf3 fxg3 19. fxg3 Rhg8 20. d6 f4 21. gxf4 Ba4 22. Qb1 Qxc3 23. Ne5 Qd4+ 0-1

[Event "Rohde op 10th"]
[Site "Sautron"]
[Date "2010.10.26"]
[Round "5"]
[White "Damour, Theo"]
[Black "Emeriau, Guy"]
[Result "1-0"]
[WhiteElo "1709"]
[BlackElo "1798"]
[PlyCount "56"]
[EventDate "2010.10.23"]
[EventType "swiss"]
[EventRounds "9"]
[EventCountry "FRA"]
[SourceTitle "EXT 2012"]
[Source "ChessBase"]
[SourceDate "2011.11.24"]
[SourceVersion "1"]
[SourceVersionDate "2011.11.24"]
[SourceQuality "1"]

1. d4 d5 2. e4 dxe4 3. Nc3 Nf6 4. f3 Bf5 5. Bc4 c6 6. Nxe4 Nxe4 7. fxe4 Bxe4 8. Nf3 Nd7 9. 0-0 Nf6 10. Ne5 Bd5 11. Be2 g6 12. c4 Be6 13. Be3 Bg7 14. Qb3 Qc8 15. Rac1 0-0 16. Bf3 Nd7 17. Nd3 Bf5 18. Nb4 a5 19. Nd3 e5 20. dxe5 Nxe5 21. Nxe5 Bxe5 22. Bc5 Re8 23. Rce1 Qb8 24. g3 Bh3 25. Bg2 Bxg2 26. Kxg2 b5 27. cxb5 cxb5 28. Qxf7+ Kh8 1-0

[Event "Fouesnant op 13th"]
[Site "Fouesnant"]
[Date "2007.10.31"]
[Round "6"]
[White "Damour, Theo"]
[Black "Delaire, Eric"]
[Result "1/2-1/2"]
[WhiteElo "1710"]
[BlackElo "1874"]
[PlyCount "51"]
[EventDate "2007.10.27"]
[EventType "swiss"]
[EventRounds "9"]
[EventCountry "FRA"]
[SourceTitle "EXT 2008"]
[Source "ChessBase"]
[SourceDate "2007.11.25"]
[SourceVersion "1"]
[SourceVersionDate "2007.11.25"]
[SourceQuality "1"]

1. d4 Nf6 2. c4 g6 3. Nc3 Bg7 4. e4 d6 5. Be2 0-0 6. Bg5 e5 7. d5 h6 8. Be3 c6 9. g4 cxd5 10. cxd5 Nh7 11. h4 Nd7 12. f3 a6 13. Qd2 g5 14. h5 b5 15. a3 Nc5 16. Bxc5 dxc5 17. Na2 Qd6 18. Nh3 Bf6 19. Nf2 Bd8 20. 0-0 Bb6 21. Rac1 Nf6 22. b4 Nd7 23. Kg2 c4 24. Nc3 Bd4 25. Nfd1 Qb6 26. Re1 1/2-1/2

[Event "Fouesnant op 13th"]
[Site "Fouesnant"]
[Date "2007.10.28"]
[Round "2"]
[White "Damour, Theo"]
[Black "Bertrand, Benjamin"]
[Result "1/2-1/2"]
[WhiteElo "1430"]
[BlackElo "1710"]
[PlyCount "68"]
[EventDate "2007.10.27"]
[EventType "swiss"]
[EventRounds "9"]
[EventCountry "FRA"]
[SourceTitle "EXT 2008"]
[Source "ChessBase"]
[SourceDate "2007.11.25"]
[SourceVersion "1"]
[SourceVersionDate "2007.11.25"]
[SourceQuality "1"]

1. e4 c6 2. d4 d5 3. exd5 cxd5 4. c4 Nf6 5. Nf3 Nc6 6. Nc3 Bd7 7. cxd5 Nb4 8. Bc4 g6 9. a3 Na6 10. 0-0 Bg7 11. Re1 0-0 12. Qe2 Re8 13. Bxa6 bxa6 14. Qxa6 Bc8 15. Qc4 Bb7 16. Bg5 Rc8 17. Qb4 Bxd5 18. Bxf6 Bxf6 19. Nxd5 Qxd5 20. Re2 Rc4 21. Qe1 e6 22. Rd1 Rd8 23. Red2 a6 24. Qe2 Bg7 25. Rd3 Bh6 26. h3 Rc7 27. Qe5 Qxe5 28. Nxe5 Rc2 29. Rb3 Re2 30. Nf3 Rc8 31. Re1 Rxe1+ 32. Nxe1 Rc1 33. Kf1 Bd2 34. Ke2 Bxe1 1/2-1/2

[Event "Hennebont Grand Prix U14"]
[Site "Hennebont"]
[Date "2006.08.06"]
[Round "5"]
[White "Damour, Theo"]
[Black "Delporte, Charles"]
[Result "0-1"]
[WhiteElo "1550"]
[BlackElo "1300"]
[PlyCount "114"]
[EventDate "2006.08.06"]
[EventType "swiss"]
[EventRounds "7"]
[EventCountry "FRA"]
[SourceTitle "EXT 2008"]
[Source "ChessBase"]
[SourceDate "2007.11.25"]
[SourceVersion "1"]
[SourceVersionDate "2007.11.25"]
[SourceQuality "1"]

1. e4 e5 2. Nf3 Nc6 3. d4 d5 4. Bb5 Nge7 5. Nxe5 a6 6. Nxc6 bxc6 7. Bd3 Ng6 8. exd5 Qe7+ 9. Qe2 Qxe2+ 10. Bxe2 cxd5 11. Bf3 c6 12. c4 Be6 13. Nc3 Bb4 14. Bd2 0-0 15. cxd5 cxd5 16. Bxd5 Bxd5 17. Nxd5 Bxd2+ 18. Kxd2 Rad8 19. Ne3 Rxd4+ 20. Ke2 Re8 21. Rad1 Rxd1 22. Rxd1 Nf4+ 23. Kf3 Ng6 24. Rd6 Ne5+ 25. Ke2 Rb8 26. b3 Ra8 27. f4 Ng6 28. g3 f6 29. Rd7 Nf8 30. Re7 Ng6 31. Rc7 h6 32. Nf5 Kf8 33. Rxg7 Re8+ 34. Kf3 Ne7 35. Nxe7 Kxg7 36. Nf5+ Kh7 37. Nd4 Rd8 38. Ke3 Re8+ 39. Kd3 h5 40. Nc2 Kg6 41. Nb4 Kf5 42. h3 Rg8 43. Nxa6 Rxg3+ 44. Kc4 Rxh3 45. Nc5 h4 46. a4 Rh1 47. a5 Rc1+ 48. Kb4 h3 49. a6 h2 50. a7 h1Q 51. Kb5 Qd5 52. b4 Rxc5+ 53. bxc5 Qb7+ 54. Kc4 Qxa7 55. c6 Qc7 56. Kc5 Kxf4 57. Kd5 Kf5 0-1